Normal view
MARC view
Entry Topical Term
001 - CONTROL NUMBER
- control field: 265942
003 - CONTROL NUMBER IDENTIFIER
- control field: OSt
005 - DATE AND TIME OF LATEST TRANSACTION
- control field: 20260623124956.0
008 - FIXED-LENGTH DATA ELEMENTS
- fixed length control field: 260623|| aca||aabn | a|a d
040 ## - CATALOGING SOURCE
- Original cataloging agency: OSt
- Transcribing agency: OSt
150 ## - HEADING--TOPICAL TERM
- Topical term or geographic name entry element: Konkani Poetry
670 ## - SOURCE DATA FOUND
- Source citation: Work cat.: (OSt)106890: RODRIGUES (Melvin). ಮೆಲ್ವಿನ್ ರೊಡ್ರಿಗಸ್ 265941, Vaat: kavita punjo., 2003